| 000 | 01526nam a2200205Ia 4500 | ||
|---|---|---|---|
| 003 | OSt | ||
| 005 | 20210525145813.0 | ||
| 008 | 210310q1966 ag gr 000 0 spa d | ||
| 040 |
_aCO-JMCR _cCO-JMCR |
||
| 041 | 0 | _aspa | |
| 082 | 0 | 4 |
_a332.742 / _bO42m _223 |
| 100 | 1 |
_aOlarra Jiménez, Rafael, _915759 _eautor |
|
| 245 | 1 | 0 |
_aManual del crédito documentario / _cRafael Olarra Jiménez |
| 260 |
_aBuenos Aires : _bAbeledo-Perrot, _c1966 |
||
| 300 |
_a399 páginas ; _c24 cm. |
||
| 500 | _a"Técnica de la operación modalidades, análisis de las relaciones entre los bancos intervinientes, la acción del banquero contra el beneficiario regreso, texto oficial de los usos y prácticas uniformes, el trust recetar y la legislación argentina" --Portada | ||
| 505 | 0 | _aFunción económica del crédito documentario -- El crédito documentario, operación bancaria y contrato bancario -- Clasificación de los créditos documentarios -- Técnica de la operación -- Los riesgos del banquero -- El examen de los documentos -- Cláusulas especiales -- Teoría jurídica del crédito documentario -- Teoría jurídica del crédito documentario, análisis de las obligaciones de las partes -- Bancos intervinientes teoría jurídica del crédito documentario -- Teoría jurídica del crédito documentario, recurso del banquero contra el beneficiario -- Usos y prácticas uniformes -- El crédito documentario y el derecho internacional -- El "trust receipt" | |
| 650 | 1 | 4 |
_aCartas de crédito _915761 _zArgentina |
| 942 |
_2ddc _cBK |
||
| 999 |
_c7898 _d7898 |
||